| 000 | 00342nam a2200133Ia 4500 | ||
|---|---|---|---|
| 005 | 20260326235453.0 | ||
| 008 | 260326s9999||||xx |||||||||||||| ||und|| | ||
| 100 | _aBrenes, Rene | ||
| 245 | 0 |
_aTeorÃa General de la Arquitectura / _cRene Brenes |
|
| 260 | _bUniversitaria de Panamá | ||
| 300 | _a303 p. | ||
| 650 | _aARQUITECTURA | ||
| 942 | _cBK | ||
| 999 |
_c7854 _d7854 |
||